Contabilidad, litigios y demandas (Registro nro. 17091)

Detalles MARC
000 -LEADER
fixed length control field 00437 a2200145 4500
001 - CONTROL NUMBER
control field ART_2074
005 - DATE AND TIME OF LATEST TRANSACTION
control field 20260410161722.0
008 - FIXED-LENGTH DATA ELEMENTS--GENERAL INFORMATION
fixed length control field 260409a
100 1# - MAIN ENTRY--PERSONAL NAME
Personal name Barnickol, Karl R.
245 10 - TITLE STATEMENT
Title Contabilidad, litigios y demandas
700 1# - ADDED ENTRY--PERSONAL NAME
Personal name Ross, Allan John
700 1# - ADDED ENTRY--PERSONAL NAME
Personal name Schowalter, Ronald O.
700 1# - ADDED ENTRY--PERSONAL NAME
Personal name Walters, Michael J.
773 0# - HOST ITEM ENTRY
Title Administración de empresas
Related parts - Año XVII, Nº 202 (ene. 1987)
Record control number REV2036

No hay ítems disponibles.